Ballon d'Or Sieger (nach Anzahl, nicht alle) - Statistiken

Allgemein
  • Dieses Quiz wurde 82 mal gespielt
  • Das Durchschnittsergebnis liegt bei 15 aus 35
Antwortstatistiken
Anzahl Antwort % Korrekt
5 Cristiano Ronaldo
100%
8 Lionel Messi
100%
2 Ronaldo
98%
1 Luka Modrić
80%
1 Ronaldinho
79%
1 Ousmane Dembélé
73%
2 Franz Beckenbauer
68%
1 Kaká
68%
1 Karim Benzema
65%
1 Rodri
64%
3 Marco van Basten
61%
1 Zinédine Zidane
58%
1 Gerd Müller
53%
1 Lothar Matthäus
53%
3 Johann Cruyff
52%
2 Karl-Heinz Rummenigge
42%
1 Lev Yashin
42%
2 Alfredo di Stefano
39%
1 Rivaldo
39%
3 Michel Patini
38%
1 Ruud Gullit
38%
1 Michael Owen
27%
1 Luis Figo
26%
1 George Weah
24%
1 Eusébio
20%
1 George Best
17%
1 Roberto Baggio
15%
2 Kevin Keegan
12%
1 Denis Law
6%
1 Raymond Kopa
5%
1 Sir Stanley Matthews
5%
1 Josef Masopust
2%
1 Omar Sívori
2%
1 Luis Suáres
0%
1 Sir Bobby Charlton
0%
Keine übereinstimmenden Quizze gefunden
Verteilung der Resultate
Anzahl Personen mit jedem Resultat
Perzentil nach korrekt beantworteten Fragen
Ihre Resultats-Entwicklung
Sie haben dieses Quiz noch nicht gespielt